书目信息 |
| 题名: |
认知语言学
|
|
| 作者: | 高文成 , 张丽芳 著 | |
| 分册: | ||
| 出版信息: | 长春 吉林大学出版社 2022.04 |
|
| 页数: | 254页 | |
| 开本: | 24cm | |
| 丛书名: | 知库 | |
| 单 册: | ||
| 中图分类: | H314.3 , H146.3 | |
| 科图分类: | ||
| 主题词: | 英语--ying yu--句法--研究 , 汉语--han yu--句法--研究 | |
| 电子资源: | ||
| ISBN: | 978-7-5692-9214-5 | |
| 000 | 01642nam 2200325 450 | |
| 001 | 27512 | |
| 005 | 20220921151203.15 | |
| 010 | @a978-7-5692-9214-5@b精装@dCNY95.00 | |
| 100 | @a20220530d2022 em y0chiy50 ea | |
| 101 | 0 | @achi |
| 102 | @aCN@b220000 | |
| 105 | @ay a 000yy | |
| 200 | 1 | @a认知语言学@Aren zhi yu yan xue@e英汉存在句综合研究@f高文成, 张丽芳著 |
| 210 | @a长春@c吉林大学出版社@d2022.04 | |
| 215 | @a254页@d24cm | |
| 225 | 2 | @a知库@Azhi ku@i教育与语言 |
| 300 | @a教育部人文社科规划基金项目: 基于语料库的英汉存现句认知语言学对比再研究结题成果 | |
| 314 | @a张丽芳, 副教授, 硕士。2005年6月毕业于武汉理工大学外国语学院外国语言学及应用语言学专业, 获硕士学位。现为上海理工大学外语学院副教授。高文成, 现为上海理工大学外语学院教授、语言学与应用语言学硕士点学科带头人、硕士生导师。 | |
| 320 | @a有书目 (第231-254页) | |
| 330 | @a本书基于前沿的认知语言学理论对英汉存在句进行了系统探讨, 主要内容包括: 英语存在句的认知研究、汉语存在句的认知研究、汉语存在句否定极性项研究、条件存在句的认知研究、隐现句的认知研究、存在义名谓句的认知研究和存在句名词意义解读的认知研究。具体内容包括: 英语存在句研究综述 ; 英语存在句的认知研究 ; 汉语存在句研究文献综述 ; 汉语存在句认知研究 ; 否定极性项研究文献综述 ; 汉语存在句的否定极性项研究等。 | |
| 410 | 0 | @12001 @a知库@i教育与语言 |
| 517 | 1 | @a英汉存在句综合研究@Aying han cun zai ju zong he yan jiu |
| 606 | 0 | @a英语@Aying yu@x句法@x研究 |
| 606 | 0 | @a汉语@Ahan yu@x句法@x研究 |
| 690 | @aH314.3@v5 | |
| 690 | @aH146.3@v5 | |
| 701 | 0 | @a高文成@Agao wen cheng@4著 |
| 701 | 0 | @a张丽芳@Azhang li fang@4著 |
| 801 | 0 | @aCN@c20220910 |
| 905 | @a河南城建学院图书馆@dH314.3@eG180@f2 | |
| 认知语言学:英汉存在句综合研究/高文成, 张丽芳著.-长春:吉林大学出版社,2022.04 |
| 254页;24cm.-(知库.教育与语言) |
| 教育部人文社科规划基金项目: 基于语料库的英汉存现句认知语言学对比再研究结题成果 |
| ISBN 978-7-5692-9214-5(精装):CNY95.00 |
| 本书基于前沿的认知语言学理论对英汉存在句进行了系统探讨, 主要内容包括: 英语存在句的认知研究、汉语存在句的认知研究、汉语存在句否定极性项研究、条件存在句的认知研究、隐现句的认知研究、存在义名谓句的认知研究和存在句名词意义解读的认知研究。具体内容包括: 英语存在句研究综述 ; 英语存在句的认知研究 ; 汉语存在句研究文献综述 ; 汉语存在句认知研究 ; 否定极性项研究文献综述 ; 汉语存在句的否定极性项研究等。 |
| ● |
| 相关链接 |
|
|
|
正题名:认知语言学
索取号:H314.3/G180
 
预约/预借
| 序号 | 登录号 | 条形码 | 馆藏地/架位号 | 状态 | 备注 |
| 1 | 1579679 | 215796798 | 语言库209/209语言库 36排2列5层/ [索取号:H314.3/G180] | 在馆 | |
| 2 | 1579680 | 215796805 | 语言库209/209语言库 36排2列5层/ [索取号:H314.3/G180] | 在馆 |